000 01251nam a2200373 a 4500
001 vtls000120187
003 NLI
005 20210601204338.0
008 101125s1951 it o 000 0 eng
020 _cUS USD 0.50 (pbk.)
039 9 _y201011251316
_zVLOAD
040 _aNLI
_beng
_cVTLS
_eAACR2
041 0 _aeng
044 _ait
082 0 4 _a630.82
100 1 _aLing, Lee,
_d1910-
_9243171
245 1 0 _aWeed control by growth-regulating substances /
_cprepared by Lee Ling
260 _aRome :
_bFAO,
_c1951
300 _aiii, 36 p. :
_bphotographs ;
_c23 cm.
440 1 _aFAO agricultural studies ;
_v13
_948655
504 _aBibliography: p. 34-35
650 0 _aWeed control
_9243172
650 0 _aPlant growth inhibiting substances
_9243173
650 0 _aHerbicides
_946171
650 0 _aSoils
_945089
710 2 _aFood and Agriculture Organization of the United Nations(Rome),
_4pbl.
_9243174
887 _a
901 _aFOD508
_b10.07.1952
902 _aUN630.82 F739 [13]
906 _aFOD848
_z1
949 _AVIRTUAITEM
_D10002
_X100
_6FOD000000508ENG
942 _2ddc
_cBKS
999 _aVIRTUA00
_c122995
_d122995
999 _aVTLSSORT0080*0200*0400*0410*0440*0820*1000*2450*2600*3000*4400*5040*6500*6501*6502*6503*7100*9010*9020*9060*9490*9991